00538nam a2200181Ia 4500003000900000008004200009040003300051041001400084080001200098100002700110245003700137260003500174300001400209650002400223942000700247952008500254999001700339LK-CoDNM010623t1918 xxu||||| |||| 00| 1 Pali d aLK-CoDNMdLK-CoDNMeLK-CoDNM aPaliasin a104 B.8 aBuddhadatta Theroeed. aKalyanivamsa Nikaya.Dvitiya Baga bVidya VisstutaaAlutgamac1918 b32, 21 cm akalyanivamsa Nikaya cBK 001040708MONOaMAINbMAINd2023-08-02l0o104 B.8r2023-08-02w2023-08-02yBK c89378d89378